| 000 | 01082nam a22003137a 4500 | ||
|---|---|---|---|
| 001 | 7707 | ||
| 003 | FISKH | ||
| 005 | 20250826101749.0 | ||
| 008 | 250731b cb ||||| |||| 00| 0 eng d | ||
| 020 | _a9780590480338 | ||
| 040 |
_aFISKH _beng _cFISKH _dFISKH |
||
| 050 | _aT39 .H88 | ||
| 082 | _a 609.2273 | ||
| 100 |
_aHudson, Wade _d(1946-) |
||
| 245 |
_aGreat Black heros : _bFive notable inventors / _cBy Wade Hudson ; Illustrated by Ron Garnett |
||
| 250 | _aThis edition first published in 2008 | ||
| 260 |
_aNew York : _bScholastic, _c1995 |
||
| 300 |
_a48 pages : _bcolor illustrations ; _c23 cm |
||
| 490 |
_aAdvance reader _v# Level 4 |
||
| 505 | _aP | ||
| 520 | _aIncludes short biography on 5 different inventors Walker, C.J. Madam; McCoy, Elijah; Morgan, Garrett A.; Woods, Granville T.; Matzeliger, Jan Ernst. | ||
| 521 | 8 |
_a620
_bLexile |
|
| 521 | 8 |
_aP
_bRaz-Plus |
|
| 650 |
_2 Madam C.J. Walker _a African American |
||
| 650 |
_2Black History Month _aSocial studies |
||
| 700 |
_aGarner, Ron _dillustrator |
||
| 942 |
_2ddc _cBK _n0 |
||
| 999 |
_c7707 _d7707 |
||